000 01309cam a2200217 i 4500
003 SA-RiAUC
005 20251105120420.0
008 251104s1973 le g 100 0 ara c
040 _aSA-JeALM
_bara
_cSA-RiAUC
_erda
082 0 4 _a214.323
090 _a214.323
_bن د و
111 2 _aالندوة العلمية حول الشريعة الإسلامية وحقوق الإنسان في الإسلام بين كبار علماء المملكة وأخرين من كبار رجال الفكر والقانون في أوروبة
_cالرياض)
_d(1972 :
_gيلحق بها مذكرة حكومة المملكة العربية السعودية حول شريعة حقوق الإنسان في الإسلام وتطبيقها في المملكة الموجهة للهيئات الدولية المختصة
245 1 0 _aندوة علمية حول الشريعة الإسلامية وحقوق الإنسان في الإسلام.
264 1 _aبيروت :
_bدار الكتاب اللبناني للطباعة والنشر والتوزيع،
_c1973
300 _a54 صفحة ؛
_c16 سم .
336 _aنص
_btxt
_2rdacontent
_3كتاب
337 _aبدون وسيط
_bn
_2rdamedia
650 7 _aالإسلام وحقوق الإنسان
_2aucsh
942 _2ddc
_cBOOK
_n0
949 _aSA-JeALM
_d251104
_uosman123
_n1
999 _c13008
_d13008